Γραφικά υπολογιστών με OpenGL
Αποθηκεύτηκε σε:
| Κύριος συγγραφέας: | |
|---|---|
| Άλλοι συγγραφείς: | , |
| Μορφή: | Βιβλίο |
| Γλώσσα: | Greek English |
| Δημοσίευση: |
Θεσσαλονίκη :
Τζιόλα,
c2021.
|
| Έκδοση: | 4η έκδοση. |
| Θέματα: | |
| Ετικέτες: |
Προσθήκη ετικέτας
Δεν υπάρχουν, Καταχωρήστε ετικέτα πρώτοι!
|
MARC
| LEADER | 00000cam a2200000 a 4500 | ||
|---|---|---|---|
| 001 | 1/124093 | ||
| 008 | 220107s2021####gr | ||| |||| ||gre|| | ||
| 020 | |a 9789604188956 | ||
| 040 | |a GR-MyUa |b gre |c GR-MyUa |e AACR2 | ||
| 041 | 1 | |a gre |h eng | |
| 082 | 7 | |a 006.6 |2 (23) | |
| 100 | 1 | |a Hearn, Donald. | |
| 245 | 1 | 0 | |a Γραφικά υπολογιστών με OpenGL / |c Donald Hearn, M. Pauline Baker, Warren R. Carithers ; επιστημονική επιμέλεια Παναγιώτης Μποζάνης ; μετάφραση Γεώργιος Σίσιας. |
| 250 | |a 4η έκδοση. | ||
| 260 | |a Θεσσαλονίκη : |b Τζιόλα, |c c2021. | ||
| 300 | |a xxvii, 884 σ. : |b εικ. ; |c 30 εκ. | ||
| 500 | |a Τίτλος πρωτοτύπου: Computer graphics with OpenGL, 4th ed. | ||
| 504 | |a Βιβλιογραφία: σ. 805-815. Ευρετήρια. | ||
| 630 | 0 | 0 | |a OpenGL. |
| 650 | 0 | |a Computer graphics | |
| 700 | 1 | |a Baker, M. Pauline. | |
| 700 | 1 | |a Carithers, Warren R. | |
| 852 | |a INST |b SYROS |c EUDOXUS |e 20220107 |h 006.6 HEA |p 005500015198 |q 005500015198 |t EDX |y 0 | ||
| 920 | |a Εύδοξος |b Παραγγελία |y Σύρος-ΤΜΣΠΣ |z 2021-12 | ||
| 970 | |a Κοντού |b Παρασκευή |z 07/01/2021 | ||